Konzervace pergamenu a jeho uložení /
Saved in:
| Main Author: | |
|---|---|
| Format: | Book |
| Language: | Czech |
| Published: |
Praha :
Národní knihovna České republiky,
1992
|
| Edition: | [1. vyd.] |
| Subjects: | |
| ISBN: | 8070501375 |
| Online Access: |
|
| Tags: |
Add Tag
No Tags, Be the first to tag this record!
|
MARC
| LEADER | 00000nam a2200000 4500 | ||
|---|---|---|---|
| 003 | SK-BrCVT | ||
| 005 | 20220621153713.0 | ||
| 008 | 960603s1992 cs e ||||||cze d | ||
| 020 | |a 8070501375 | ||
| 035 | |a CVTIDW0937932 | ||
| 040 | |b slo |a CVTI SR | ||
| 041 | 0 | |a cze | |
| 044 | |a cs | ||
| 080 | |a 02.004.4:091.2 |2 UDC-MRF | ||
| 100 | 1 | |a Zelinger, Jiří |d 1929- |9 28021 | |
| 245 | 1 | 0 | |a Konzervace pergamenu a jeho uložení / |c Autoři: Jiří Zelinger a kol. |
| 250 | |a [1. vyd.] | ||
| 260 | |a Praha : |b Národní knihovna České republiky, |c 1992 | ||
| 300 | |a 148 s. | ||
| 653 | 1 | |a degradácia |a poškodenie |a iluminácia | |
| 692 | |a BA PR PO MM | ||
| 910 | |b A553856 | ||
| 919 | |a 80-7050-137-5 | ||
| 974 | |f Knihy | ||
| 992 | |a APP | ||
| 999 | |c 105720 |d 105720 | ||

